000
00320nam a2200121Ia 4500
008
241028s9999 xx 000 0 und d
041
_a
eng
082
_a
658.408 FRA
100
_a
Fradin
245
_a
Successful Product Design And Management Toolkit
260
_b
Wiley India
_a
New Delhi
_c
2019
300
_a
784;. P. 25 cm
999
_c
43022
_d
43022